[Event "4. Torneo Internacional A.D. San Juan"]
[Site "Pamplona ESP"]
[Date "2010.07.26"]
[Round "1.1"]
[White "Bruzon Batista, Lazaro"]
[Black "Pomirleanu, Ana-Daniela"]
[Result "1-0"]
[WhiteElo "2653"]
[BlackElo "1997"]
[PlyCount "57"]
[EventDate "2010.07.26"]
[EventType "swiss"]
[EventRounds "9"]
[EventCountry "ESP"]
[Source "lmi"]
[SourceDate "2010.07.26"]

1. d4 g6 2. e4 Bg7 3. Nc3 c6 4. Nf3 d5 5. h3 dxe4 6. Nxe4 Nd7 7. Bd3 Ngf6 8.
Nxf6+ Nxf6 9. O-O O-O 10. Qe2 b6 11. c4 Bb7 12. Bf4 Rc8 13. Rfd1 e6 14. Rac1
Qe7 15. a3 Rfd8 16. Bb1 a5 17. c5 bxc5 18. dxc5 Rxd1+ 19. Qxd1 Nd5 20. Bd6 Qf6
21. Bd3 Ra8 22. Qb3 Bc8 23. Qa4 Bd7 24. Rc2 Bf8 25. Bg3 Bh6 26. Ne5 Be8 27. Ng4
Qg5 28. h4 Qh5 29. Be2 1-0

[Event "4. Torneo Internacional A.D. San Juan"]
[Site "Pamplona ESP"]
[Date "2010.07.26"]
[Round "1.2"]
[White "Argaya Urdaniz, Miguel"]
[Black "Delchev, Aleksander"]
[Result "0-1"]
[WhiteElo "1994"]
[BlackElo "2632"]
[PlyCount "32"]
[EventDate "2010.07.26"]
[EventType "swiss"]
[EventRounds "9"]
[EventCountry "ESP"]
[Source "lmi"]
[SourceDate "2010.07.26"]

1. e4 c5 2. Nf3 e6 3. d4 cxd4 4. Nxd4 a6 5. c4 Nf6 6. Bd3 Nc6 7. Nxc6 dxc6 8.
O-O e5 9. Nc3 Bc5 10. Be2 Be6 11. Qxd8+ Rxd8 12. Bg5 Ke7 13. Rad1 h6 14. Bxf6+
Kxf6 15. Rxd8 Rxd8 16. b3 Rd2 0-1

[Event "4. Torneo Internacional A.D. San Juan"]
[Site "Pamplona ESP"]
[Date "2010.07.26"]
[Round "1.3"]
[White "Balogh, Csaba"]
[Black "Tetimov, Ivan"]
[Result "1-0"]
[WhiteElo "2628"]
[BlackElo "1991"]
[PlyCount "51"]
[EventDate "2010.07.26"]
[EventType "swiss"]
[EventRounds "9"]
[EventCountry "ESP"]
[Source "lmi"]
[SourceDate "2010.07.26"]

1. e4 e6 2. d4 d5 3. Nd2 c5 4. exd5 Qxd5 5. Ngf3 cxd4 6. Bc4 Qd6 7. Bb3 Nc6 8.
Nc4 Qc5 9. c3 Nf6 10. cxd4 Qh5 11. O-O Be7 12. Nce5 O-O 13. Bf4 Nb4 14. Rc1
Nbd5 15. Bg3 Ne4 16. Qe2 Nxg3 17. hxg3 Bd6 18. g4 Qh6 19. g3 Qh3 20. Ng5 Qh6
21. Ne4 Bxe5 22. dxe5 Bd7 23. Kg2 Rac8 24. Bc2 g6 25. g5 Qg7 26. Nf6+ 1-0

[Event "4. Torneo Internacional A.D. San Juan"]
[Site "Pamplona ESP"]
[Date "2010.07.26"]
[Round "1.5"]
[White "Tregubov, Pavel V"]
[Black "Balague Camps, Marc"]
[Result "1-0"]
[WhiteElo "2610"]
[BlackElo "1964"]
[PlyCount "41"]
[EventDate "2010.07.26"]
[EventType "swiss"]
[EventRounds "9"]
[EventCountry "ESP"]
[Source "lmi"]
[SourceDate "2010.07.26"]

1. d4 c5 2. d5 e5 3. e4 d6 4. Nc3 Nf6 5. Bd3 Be7 6. Nge2 Nbd7 7. O-O Nf8 8. f4
exf4 9. Nxf4 Ng6 10. Bb5+ Bd7 11. Nxg6 hxg6 12. e5 dxe5 13. d6 Bf8 14. Bg5 a6
15. Bxf6 gxf6 16. Nd5 Bg7 17. Nc7+ Qxc7 18. dxc7 Bxb5 19. Qd6 f5 20. Rad1 f6
21. Qe6+ 1-0

[Event "4. Torneo Internacional A.D. San Juan"]
[Site "Pamplona ESP"]
[Date "2010.07.26"]
[Round "1.6"]
[White "Rodriguez Vignote, Javier"]
[Black "Epishin, Vladimir"]
[Result "0-1"]
[WhiteElo "1958"]
[BlackElo "2598"]
[PlyCount "104"]
[EventDate "2010.07.26"]
[EventType "swiss"]
[EventRounds "9"]
[EventCountry "ESP"]
[Source "lmi"]
[SourceDate "2010.07.26"]

1. d4 Nf6 2. c4 Nc6 3. Nf3 e6 4. Nc3 Bb4 5. e3 d6 6. Qc2 O-O 7. Be2 e5 8. O-O
Bxc3 9. bxc3 Bg4 10. Rd1 Qc8 11. e4 exd4 12. Nxd4 Bxe2 13. Qxe2 Re8 14. f3 Ne5
15. Be3 Nfd7 16. Nc2 Nb6 17. Na3 Qe6 18. c5 dxc5 19. Bxc5 Na4 20. Bd4 c5 21.
Bxe5 Qxe5 22. Qc2 Nb6 23. Rd2 h6 24. Rad1 Re6 25. Qb3 a6 26. Nc4 Nxc4 27. Qxc4
b5 28. Qd5 Qxd5 29. Rxd5 Rc6 30. a3 g5 31. Rd6 Rac8 32. Kf2 Kg7 33. g3 a5 34.
Rxc6 Rxc6 35. Rb1 Rb6 36. Ke3 Kf6 37. f4 Ke6 38. f5+ Ke5 39. Rd1 b4 40. Rd5+
Kf6 41. g4 b3 42. e5+ Ke7 43. Rd1 Rb8 44. f6+ Ke6 45. Ke4 Rb6 46. a4 b2 47. Rb1
Rb8 48. h3 Rb7 49. Kd3 Kxe5 50. Kc2 Kxf6 51. Rxb2 Rxb2+ 52. Kxb2 Ke5 0-1

[Event "4. Torneo Internacional A.D. San Juan"]
[Site "Pamplona ESP"]
[Date "2010.07.26"]
[Round "1.7"]
[White "Almeida Quintana, Omar"]
[Black "Ruiz Escobar, Rafael"]
[Result "1-0"]
[WhiteElo "2559"]
[BlackElo "1956"]
[PlyCount "51"]
[EventDate "2010.07.26"]
[EventType "swiss"]
[EventRounds "9"]
[EventCountry "ESP"]
[Source "lmi"]
[SourceDate "2010.07.26"]

1. e4 c5 2. Nf3 Nc6 3. Bb5 g6 4. O-O Bg7 5. c3 Qb6 6. Na3 Nf6 7. d4 cxd4 8.
cxd4 Nxe4 9. d5 Nd6 10. Be3 Qa5 11. Qe2 Nxb5 12. Nxb5 a6 13. Nd6+ Kf8 14. Nc4
Qb5 15. a4 Qb4 16. dxc6 bxc6 17. Nb6 Rb8 18. Nxc8 Rxc8 19. Qxa6 Rb8 20. Rad1
Qb7 21. Qxb7 Rxb7 22. a5 d6 23. a6 Rxb2 24. Rb1 Ke8 25. Rxb2 Bxb2 26. Rb1 1-0

[Event "4. Torneo Internacional A.D. San Juan"]
[Site "Pamplona ESP"]
[Date "2010.07.26"]
[Round "1.8"]
[White "Cano Cabanillas, Javier"]
[Black "Paunovic, Dragan"]
[Result "0-1"]
[WhiteElo "1955"]
[BlackElo "2553"]
[PlyCount "92"]
[EventDate "2010.07.26"]
[EventType "swiss"]
[EventRounds "9"]
[EventCountry "ESP"]
[Source "lmi"]
[SourceDate "2010.07.26"]

1. e4 c5 2. c3 d6 3. d4 Nf6 4. Bd3 g6 5. Nf3 cxd4 6. cxd4 Bg7 7. Nc3 O-O 8. O-O
Bg4 9. Be3 Nc6 10. Be2 Nd7 11. Qd2 Nb6 12. b3 d5 13. e5 Qd7 14. Rfd1 e6 15. Bh6
Bxh6 16. Qxh6 Bxf3 17. Bxf3 Nc8 18. Ne2 N8e7 19. Ng3 Rfc8 20. h4 Nf5 21. Nxf5
exf5 22. h5 Nd8 23. Qd2 Ne6 24. Qa5 Rd8 25. Rac1 b6 26. Qd2 Rac8 27. Kh2 g5 28.
g3 h6 29. Qd3 g4 30. Bg2 Ng7 31. Qe3 Qe6 32. Rxc8 Rxc8 33. Bxd5 Qxd5 34. Qxh6
Qf3 35. Rf1 f4 36. Qxf4 Qxf4 37. gxf4 Nxh5 38. f5 Rd8 39. Rd1 Rd5 40. Kg2 Ng7
41. Rc1 Nxf5 42. Rc7 a5 43. Rb7 b5 44. f3 g3 45. Ra7 Rxd4 46. Rxa5 Rd2+ 0-1

[Event "4. Torneo Internacional A.D. San Juan"]
[Site "Pamplona ESP"]
[Date "2010.07.26"]
[Round "1.10"]
[White "Sanchez Salazar, Kiko"]
[Black "Shchekachev, Andrei"]
[Result "0-1"]
[WhiteElo "1937"]
[BlackElo "2546"]
[PlyCount "64"]
[EventDate "2010.07.26"]
[EventType "swiss"]
[EventRounds "9"]
[EventCountry "ESP"]
[Source "lmi"]
[SourceDate "2010.07.26"]

1. e4 c5 2. Nf3 e6 3. d4 cxd4 4. Nxd4 a6 5. Be3 Nf6 6. Bd3 Qc7 7. Nd2 d5 8. f3
Bd6 9. Bg1 O-O 10. Qe2 Nc6 11. c3 Re8 12. O-O-O Nxd4 13. Bxd4 e5 14. Bf2 d4 15.
c4 Nd7 16. Nb3 a5 17. Kb1 a4 18. Na1 Nc5 19. Be1 Be6 20. Bb4 Nxd3 21. Bxd6 Qxd6
22. Qxd3 Rec8 23. Nc2 Rxc4 24. Qd2 Rac8 25. Na3 R4c5 26. Rc1 f6 27. Rxc5 Qxc5
28. Qd3 Bf7 29. Rd1 Qc6 30. b3 axb3 31. axb3 Qc3 32. Nc4 Qb4 0-1

[Event "4. Torneo Internacional A.D. San Juan"]
[Site "Pamplona ESP"]
[Date "2010.07.27"]
[Round "2.1"]
[White "Vega Gutierrez, Sabrina"]
[Black "Bruzon Batista, Lazaro"]
[Result "0-1"]
[WhiteElo "2373"]
[BlackElo "2653"]
[PlyCount "142"]
[EventDate "2010.07.26"]
[EventType "swiss"]
[EventRounds "9"]
[EventCountry "ESP"]
[Source "lmi"]
[SourceDate "2010.07.26"]

1. e4 c5 2. Nf3 e6 3. d4 cxd4 4. Nxd4 a6 5. Nc3 Qc7 6. f4 b5 7. Bd3 Bb7 8. Qe2
b4 9. Nd1 Nf6 10. Nf2 Nc6 11. Nxc6 Qxc6 12. e5 Nd5 13. Bd2 Be7 14. Ne4 O-O 15.
O-O g6 16. Kh1 a5 17. c4 bxc3 18. Nxc3 Nxc3 19. Bxc3 Bb4 20. Bb5 Qb6 21. Rfd1
Bc6 22. Bxc6 dxc6 23. Bd4 Qb7 24. a3 Be7 25. Bc3 Qc7 26. Rd3 Rfd8 27. Rad1 Rd5
28. f5 Rxd3 29. Rxd3 exf5 30. e6 Rd8 31. exf7+ Kxf7 32. Rh3 h5 33. Qc4+ Kf8 34.
Re3 Rd1+ 35. Re1 Rxe1+ 36. Bxe1 Qd6 37. Qc3 a4 38. Qh8+ Kf7 39. Qh7+ Ke8 40.
Qg8+ Kd7 41. Qc4 Qe5 42. Bc3 Qe4 43. Qf1 Bd6 44. Qd1 Qf4 45. g3 Qe4+ 46. Kg1
Ke6 47. Bd4 f4 48. gxf4 Bxf4 49. Bf2 Bd6 50. Qc1 Qg4+ 51. Kf1 Qh3+ 52. Ke1 Kd7
53. Qc2 Qxh2 54. Qxg6 Qe5+ 55. Kf1 Qxb2 56. Qf7+ Kc8 57. Qe8+ Kb7 58. Qd7+ Bc7
59. Qe7 Qb3 60. Kg1 Qg8+ 61. Kf1 Qc4+ 62. Kg1 Qg4+ 63. Kf1 Qd1+ 64. Kg2 Qd6 65.
Qe3 Qd5+ 66. Kg1 c5 67. Qe7 Qd1+ 68. Kg2 Qg4+ 69. Kf1 Qh3+ 70. Kg1 Qf3 71. Qxc5
Qxf2+ 0-1

[Event "4. Torneo Internacional A.D. San Juan"]
[Site "Pamplona ESP"]
[Date "2010.07.27"]
[Round "2.2"]
[White "Delchev, Aleksander"]
[Black "Mogranzini, Roberto"]
[Result "1-0"]
[WhiteElo "2632"]
[BlackElo "2387"]
[PlyCount "65"]
[EventDate "2010.07.26"]
[EventType "swiss"]
[EventRounds "9"]
[EventCountry "ESP"]
[Source "lmi"]
[SourceDate "2010.07.26"]

1. d4 Nf6 2. c4 g6 3. Nc3 Bg7 4. e4 d6 5. Be2 O-O 6. Nf3 e5 7. Be3 exd4 8. Nxd4
Re8 9. f3 c6 10. Bf2 Bh6 11. O-O Nbd7 12. Qc2 Ne5 13. Rad1 Nh5 14. Rfe1 Qe7 15.
Bf1 b6 16. b3 Bb7 17. Kh1 Rad8 18. Qb2 Rd7 19. a4 Qd8 20. b4 Bg7 21. Qc1 c5 22.
bxc5 dxc5 23. Ndb5 a6 24. Rxd7 Qxd7 25. Rd1 Qe7 26. Nd6 Rb8 27. Nxb7 Qxb7 28.
Nd5 Nc6 29. Bh4 Bd4 30. g4 Ng7 31. Qh6 f5 32. gxf5 gxf5 33. Qxc6 1-0

[Event "4. Torneo Internacional A.D. San Juan"]
[Site "Pamplona ESP"]
[Date "2010.07.27"]
[Round "2.3"]
[White "Cabrera Trujillo, Jorge"]
[Black "Balogh, Csaba"]
[Result "0-1"]
[WhiteElo "2365"]
[BlackElo "2628"]
[PlyCount "70"]
[EventDate "2010.07.26"]
[EventType "swiss"]
[EventRounds "9"]
[EventCountry "ESP"]
[Source "lmi"]
[SourceDate "2010.07.26"]

1. e4 e5 2. Nf3 Nc6 3. Bb5 a6 4. Ba4 Nf6 5. O-O b5 6. Bb3 Bb7 7. d3 Be7 8. Nc3
O-O 9. a3 d6 10. Nd5 Nxd5 11. Bxd5 Bf6 12. Be3 Qc8 13. Bg5 Bxg5 14. Nxg5 h6 15.
Nh3 Ne7 16. Bxb7 Qxb7 17. f4 d5 18. exd5 Qxd5 19. Kh1 Nf5 20. Qf3 Qxf3 21. Rxf3
Rfe8 22. Rf2 e4 23. dxe4 Rxe4 24. Rd1 Rae8 25. Ng1 h5 26. b3 h4 27. Rf3 Re1 28.
Rfd3 g6 29. Rxe1 Rxe1 30. g4 hxg3 31. hxg3 Rc1 32. Rc3 Nd4 33. Rxc7 Ne2 34. Kg2
Nxg1 35. Kf2 g5 0-1

[Event "4. Torneo Internacional A.D. San Juan"]
[Site "Pamplona ESP"]
[Date "2010.07.27"]
[Round "2.4"]
[White "Schneider, Veronika"]
[Black "Tregubov, Pavel V"]
[Result "0-1"]
[WhiteElo "2292"]
[BlackElo "2610"]
[PlyCount "76"]
[EventDate "2010.07.26"]
[EventType "swiss"]
[EventRounds "9"]
[EventCountry "ESP"]
[Source "lmi"]
[SourceDate "2010.07.26"]

1. e4 c5 2. Nf3 g6 3. c3 Bg7 4. d4 cxd4 5. cxd4 d5 6. Bb5+ Bd7 7. Bxd7+ Qxd7 8.
exd5 Nf6 9. O-O Nxd5 10. Ne5 Bxe5 11. dxe5 Nc6 12. Bh6 O-O-O 13. Qe2 Rhg8 14.
Bd2 Qf5 15. Re1 Kb8 16. Na3 Nd4 17. Qe4 Qxe4 18. Rxe4 Ne6 19. Rc1 Rd7 20. Nb5
Rgd8 21. g3 b6 22. Nd4 Nxd4 23. Rxd4 Nc7 24. Rxd7 Rxd7 25. Bc3 Rd5 26. a4 a5
27. f4 Na6 28. Kf2 Nc5 29. Ra1 Ne4+ 30. Ke3 Nxc3 31. bxc3 Kc7 32. c4 Rd7 33.
Rb1 Kc6 34. g4 e6 35. h4 h6 36. h5 gxh5 37. gxh5 Rd8 38. Rg1 Kc5 0-1

[Event "4. Torneo Internacional A.D. San Juan"]
[Site "Pamplona ESP"]
[Date "2010.07.27"]
[Round "2.5"]
[White "Epishin, Vladimir"]
[Black "Fierro Baquero, Martha L"]
[Result "1-0"]
[WhiteElo "2598"]
[BlackElo "2372"]
[PlyCount "41"]
[EventDate "2010.07.26"]
[EventType "swiss"]
[EventRounds "9"]
[EventCountry "ESP"]
[Source "lmi"]
[SourceDate "2010.07.26"]

1. d4 Nf6 2. Nf3 g6 3. g3 Bg7 4. Bg2 O-O 5. O-O d6 6. a4 c6 7. Nbd2 Qc7 8. e4
Bg4 9. Qe2 e5 10. dxe5 dxe5 11. b3 Nbd7 12. Bb2 Nc5 13. Qe3 Nfd7 14. Rfe1 Ne6
15. Qc3 a5 16. Nc4 Bxf3 17. Qxf3 Nd4 18. Qd1 Rfd8 19. c3 Ne6 20. Qc2 Nec5 21.
Ba3 1-0

[Event "4. Torneo Internacional A.D. San Juan"]
[Site "Pamplona ESP"]
[Date "2010.07.27"]
[Round "2.6"]
[White "Vega Gutierrez, Belinda"]
[Black "Almeida Quintana, Omar"]
[Result "0-1"]
[WhiteElo "2266"]
[BlackElo "2559"]
[PlyCount "44"]
[EventDate "2010.07.26"]
[EventType "swiss"]
[EventRounds "9"]
[EventCountry "ESP"]
[Source "lmi"]
[SourceDate "2010.07.26"]

1. e4 g6 2. d4 Bg7 3. Nc3 d6 4. f4 a6 5. Nf3 b5 6. a3 Nd7 7. d5 Bb7 8. Be3 Ngf6
9. Bd4 O-O 10. Bd3 e6 11. dxe6 fxe6 12. O-O c5 13. Bf2 Ng4 14. Qd2 c4 15. Be2
Nxf2 16. Rxf2 Nc5 17. e5 dxe5 18. Qxd8 Raxd8 19. Nxe5 Rd2 20. Rc1 g5 21. Bf3
Rxf2 22. Kxf2 Bxe5 0-1

[Event "4. Torneo Internacional A.D. San Juan"]
[Site "Pamplona ESP"]
[Date "2010.07.27"]
[Round "2.7"]
[White "Paunovic, Dragan"]
[Black "Almagro Mazariegos, Sebastian"]
[Result "0-1"]
[WhiteElo "2553"]
[BlackElo "2284"]
[PlyCount "75"]
[EventDate "2010.07.26"]
[EventType "swiss"]
[EventRounds "9"]
[EventCountry "ESP"]
[Source "lmi"]
[SourceDate "2010.07.26"]

1. c4 Nf6 2. Nc3 g6 3. g3 Bg7 4. Bg2 O-O 5. Nf3 d6 6. O-O e5 7. d3 h6 8. Rb1
Re8 9. Nd2 a5 10. a3 c6 11. b4 axb4 12. axb4 d5 13. Bb2 Be6 14. b5 Nbd7 15. Qc2
Rc8 16. bxc6 bxc6 17. Na4 h5 18. c5 h4 19. e4 hxg3 20. hxg3 Ng4 21. Nb6 Rc7 22.
Nf3 d4 23. Bc1 Bf6 24. Bd2 Ra7 25. Ra1 Rxa1 26. Rxa1 Be7 27. Nxd7 Qxd7 28. Ra6
Rb8 29. Rb6 Ra8 30. Qb1 Kg7 31. Ng5 Bxg5 32. Bxg5 Ra7 33. Rb2 Ra3 34. Rb7 Qc8
35. Bf3 Qh8 36. Bh4 Qh6 37. Bxg4 Bxg4 38. Qb2 0-1

[Event "4. Torneo Internacional A.D. San Juan"]
[Site "Pamplona ESP"]
[Date "2010.07.27"]
[Round "2.8"]
[White "Yeo, Michael J"]
[Black "Oleksienko, Mikhailo"]
[Result "1/2-1/2"]
[WhiteElo "2163"]
[BlackElo "2548"]
[PlyCount "48"]
[EventDate "2010.07.26"]
[EventType "swiss"]
[EventRounds "9"]
[EventCountry "ESP"]
[Source "lmi"]
[SourceDate "2010.07.26"]

1. e4 c5 2. Nf3 Nc6 3. d4 cxd4 4. Nxd4 Nf6 5. Nc3 e5 6. Ndb5 d6 7. Bg5 a6 8.
Na3 b5 9. Bxf6 gxf6 10. Nd5 f5 11. Bxb5 axb5 12. Nxb5 Ra4 13. Nbc7+ Kd7 14. O-O
Qg5 15. c4 Ra5 16. Nb5 Bb7 17. f4 Qh6 18. fxe5 Nxe5 19. Rxf5 Rxb5 20. cxb5 Bg7
21. a4 Qe6 22. a5 Nc4 23. Qf3 Bd4+ 24. Kh1 Ne5 1/2-1/2

[Event "4. Torneo Internacional A.D. San Juan"]
[Site "Pamplona ESP"]
[Date "2010.07.27"]
[Round "2.9"]
[White "Shchekachev, Andrei"]
[Black "Santos Latasa, Jaime"]
[Result "1/2-1/2"]
[WhiteElo "2546"]
[BlackElo "2255"]
[PlyCount "78"]
[EventDate "2010.07.26"]
[EventType "swiss"]
[EventRounds "9"]
[EventCountry "ESP"]
[Source "lmi"]
[SourceDate "2010.07.26"]

1. Nf3 Nf6 2. c4 g6 3. Nc3 Bg7 4. e4 O-O 5. d4 d6 6. Be2 e5 7. Be3 Na6 8. O-O
Ng4 9. Bg5 Qe8 10. h3 f6 11. Bc1 Nh6 12. Rb1 Nf7 13. Re1 c6 14. b4 Nc7 15. d5
cxd5 16. exd5 Qe7 17. c5 dxc5 18. bxc5 Qxc5 19. Qb3 Qb6 20. Qa4 Qc5 21. Ba3
Qxc3 22. Rbc1 Bd7 23. Rxc3 Bxa4 24. Rxc7 Rfd8 25. Rxb7 Rxd5 26. Bc4 Rd7 27.
Reb1 Bf8 28. Rb8 Rd8 29. Bxf7+ Kxf7 30. R1b7+ Ke6 31. Rxd8 Rxd8 32. Bxf8 Rxf8
33. Rxa7 Bd7 34. Nh2 h5 35. Ra6+ Ke7 36. Nf1 Rd8 37. Ne3 Be6 38. a4 f5 39. Rc6
Rd4 1/2-1/2

[Event "4. Torneo Internacional A.D. San Juan"]
[Site "Pamplona ESP"]
[Date "2010.07.27"]
[Round "2.10"]
[White "Do Santos Julio, Joao Manuel"]
[Black "Kogan, Artur"]
[Result "1/2-1/2"]
[WhiteElo "2122"]
[BlackElo "2541"]
[PlyCount "79"]
[EventDate "2010.07.26"]
[EventType "swiss"]
[EventRounds "9"]
[EventCountry "ESP"]
[Source "lmi"]
[SourceDate "2010.07.26"]

1. e4 c5 2. Nf3 Nc6 3. d4 cxd4 4. Nxd4 e6 5. c4 Nf6 6. Nxc6 bxc6 7. Bd3 e5 8.
O-O Bc5 9. Nc3 d6 10. Bg5 h6 11. Bd2 O-O 12. h3 Rb8 13. b3 Be6 14. Qf3 Bd4 15.
Rad1 Nh7 16. Ne2 Bc5 17. Ng3 Qf6 18. Qh5 Qg6 19. Kh2 Qxh5 20. Nxh5 f5 21. f4
Bd4 22. Ng3 fxe4 23. Bxe4 d5 24. cxd5 cxd5 25. Bb1 Bd7 26. fxe5 Bxe5 27. Rxf8+
Nxf8 28. Be1 d4 29. Kh1 Re8 30. Bf2 Bxg3 31. Bxg3 Re2 32. Bd3 Rxa2 33. Bc4+ Kh7
34. Rxd4 Bf5 35. Rf4 Kg6 36. Rf2 Ra5 37. Bc7 Ra1+ 38. Kh2 Nd7 39. Re2 Nf6 40.
Be5 1/2-1/2

[Event "4. Torneo Internacional A.D. San Juan"]
[Site "Pamplona ESP"]
[Date "2010.07.27"]
[Round "3.1"]
[White "Bruzon Batista, Lazaro"]
[Black "Ipatov, Alexander"]
[Result "1-0"]
[WhiteElo "2653"]
[BlackElo "2507"]
[PlyCount "101"]
[EventDate "2010.07.26"]
[EventType "swiss"]
[EventRounds "9"]
[EventCountry "ESP"]
[Source "lmi"]
[SourceDate "2010.07.26"]

1. c4 Nf6 2. Nf3 c6 3. d4 d5 4. e3 g6 5. Nc3 Bg7 6. Be2 O-O 7. O-O a6 8. a4
Nbd7 9. b3 dxc4 10. bxc4 c5 11. Qb3 Re8 12. Rd1 Qc7 13. Bb2 b6 14. Rac1 e6 15.
d5 Bb7 16. Bf1 Rad8 17. e4 Ng4 18. h3 Nge5 19. Nd2 g5 20. Ba1 Ba8 21. Ne2 g4
22. hxg4 Nxg4 23. Qh3 Bxa1 24. Rxa1 f5 25. dxe6 Ndf6 26. exf5 Qe5 27. Qg3 Qxf5
28. f3 Qg5 29. fxg4 Rxd2 30. Rxd2 Qxd2 31. Qf4 Qxf4 32. Nxf4 Bc6 33. Be2 h6 34.
Bf3 Bxf3 35. gxf3 Rd8 36. e7 Re8 37. Re1 Kf7 38. Re6 b5 39. axb5 axb5 40. cxb5
Rb8 41. Kf2 c4 42. Ke2 c3 43. Kd3 Rc8 44. Kc2 Ne8 45. b6 Nf6 46. b7 Rb8 47.
e8=Q+ Nxe8 48. Rxh6 Nf6 49. g5 Nd7 50. Rh7+ Ke8 51. Rh8+ 1-0

[Event "4. Torneo Internacional A.D. San Juan"]
[Site "Pamplona ESP"]
[Date "2010.07.27"]
[Round "3.2"]
[White "Ninov, Nikolai"]
[Black "Delchev, Aleksander"]
[Result "1/2-1/2"]
[WhiteElo "2512"]
[BlackElo "2632"]
[PlyCount "110"]
[EventDate "2010.07.26"]
[EventType "swiss"]
[EventRounds "9"]
[EventCountry "ESP"]
[Source "lmi"]
[SourceDate "2010.07.26"]

1. e4 c5 2. Nf3 e6 3. d4 cxd4 4. Nxd4 a6 5. c4 Nf6 6. Nc3 Qc7 7. Be3 Bb4 8. Qb3
Bc5 9. Na4 d6 10. e5 Ne4 11. Qc2 Qa5+ 12. Ke2 dxe5 13. Nxc5 Nxc5 14. Nb3 Nxb3
15. Qxb3 Nd7 16. g3 O-O 17. Bg2 f5 18. Rhd1 Qc7 19. c5 Nf6 20. Rac1 e4 21. Rd6
Qf7 22. h3 Nd5 23. Bd4 Bd7 24. Kf1 Bc6 25. Kg1 Rfe8 26. Be5 Rac8 27. Bf1 Qh5
28. Kh2 Qg5 29. Rc2 h6 30. Bc4 Kh7 31. a3 Rcd8 32. h4 Qe7 33. Bxa6 Rxd6 34.
cxd6 Qd7 35. Rxc6 bxc6 36. Qb7 Qxb7 37. Bxb7 e3 38. fxe3 Nxe3 39. Bd4 Ng4+ 40.
Kg2 Rd8 41. Bc5 Ne5 42. b4 Rb8 43. Ba6 Ra8 44. b5 cxb5 45. Bxb5 Rc8 46. Bd4
Rc2+ 47. Kf1 Nf7 48. d7 Rd2 49. Bb6 Kg6 50. a4 Kf6 51. a5 Ke7 52. a6 Nd8 53. a7
Ra2 54. Bc5+ Kf7 55. Bb6 Ke7 1/2-1/2

[Event "4. Torneo Internacional A.D. San Juan"]
[Site "Pamplona ESP"]
[Date "2010.07.27"]
[Round "3.4"]
[White "Tregubov, Pavel V"]
[Black "Konguvel, Ponnuswamy"]
[Result "1-0"]
[WhiteElo "2610"]
[BlackElo "2416"]
[PlyCount "69"]
[EventDate "2010.07.26"]
[EventType "swiss"]
[EventRounds "9"]
[EventCountry "ESP"]
[Source "lmi"]
[SourceDate "2010.07.26"]

1. d4 Nf6 2. c4 g6 3. Nc3 d5 4. Nf3 Bg7 5. e3 O-O 6. cxd5 Nxd5 7. Bc4 Nxc3 8.
bxc3 c5 9. O-O Nc6 10. Ba3 b6 11. dxc5 Bxc3 12. Rc1 Bf6 13. Bb5 Bd7 14. Qd5 Qe8
15. Rfd1 Rd8 16. Qe4 bxc5 17. Rxd7 Qxd7 18. Bxc6 Qd1+ 19. Ne1 Qxc1 20. Bxc1 Rd1
21. Bd2 Rxd2 22. Kf1 Rxa2 23. g3 Rd8 24. Nd3 Rc2 25. Bb5 a5 26. Qa4 Rc3 27. Ke2
Rc8 28. Bc4 Kg7 29. Qb5 h5 30. h4 Rc2+ 31. Kf3 Rc3 32. Nf4 Be5 33. Nd5 Ra3 34.
Nxe7 Rc7 35. Qe8 1-0

[Event "4. Torneo Internacional A.D. San Juan"]
[Site "Pamplona ESP"]
[Date "2010.07.27"]
[Round "3.5"]
[White "Riff, Jean-Noel"]
[Black "Epishin, Vladimir"]
[Result "1/2-1/2"]
[WhiteElo "2500"]
[BlackElo "2598"]
[PlyCount "47"]
[EventDate "2010.07.26"]
[EventType "swiss"]
[EventRounds "9"]
[EventCountry "ESP"]
[Source "lmi"]
[SourceDate "2010.07.26"]

1. e4 c5 2. Nf3 e6 3. Be2 d6 4. O-O Nf6 5. Nc3 Be7 6. d4 cxd4 7. Nxd4 O-O 8.
Be3 Nc6 9. f4 e5 10. Nb3 exf4 11. Bxf4 Be6 12. Kh1 Rc8 13. Qe1 Nd7 14. Rd1 Nde5
15. Nd5 Bg5 16. Bg3 Kh8 17. c3 f6 18. Qf2 Re8 19. h3 Bf7 20. Rfe1 Bg6 21. Bf1
Bh5 22. Be2 Bg6 23. Bf1 Bh5 24. Be2 1/2-1/2

[Event "4. Torneo Internacional A.D. San Juan"]
[Site "Pamplona ESP"]
[Date "2010.07.27"]
[Round "3.6"]
[White "Almeida Quintana, Omar"]
[Black "Partac, Elena"]
[Result "1-0"]
[WhiteElo "2559"]
[BlackElo "2086"]
[PlyCount "67"]
[EventDate "2010.07.26"]
[EventType "swiss"]
[EventRounds "9"]
[EventCountry "ESP"]
[Source "lmi"]
[SourceDate "2010.07.26"]

1. d4 Nf6 2. c4 e6 3. Nc3 Bb4 4. Bg5 h6 5. Bh4 b6 6. Nf3 Bb7 7. Nd2 Bxc3 8.
bxc3 d6 9. f3 Nbd7 10. e4 c5 11. Be2 e5 12. Nf1 Qc7 13. Ne3 g6 14. O-O Nh5 15.
Re1 Nf4 16. Bf1 cxd4 17. cxd4 Ne6 18. Nd5 Bxd5 19. exd5 Ng7 20. c5 bxc5 21.
dxe5 dxe5 22. d6 Qa5 23. Be7 c4 24. Kh1 Nf5 25. Bxc4 Nxe7 26. dxe7 Kxe7 27.
Bxf7 g5 28. Qd3 Rhf8 29. Bd5 Rad8 30. Qh7+ Kd6 31. Red1 Rf4 32. Rac1 Rd4 33.
Rc6+ Kxd5 34. Qe4# 1-0

[Event "4. Torneo Internacional A.D. San Juan"]
[Site "Pamplona ESP"]
[Date "2010.07.27"]
[Round "3.7"]
[White "Pavlovic, Milos M"]
[Black "Vazquez Igarza, Renier"]
[Result "1/2-1/2"]
[WhiteElo "2483"]
[BlackElo "2527"]
[PlyCount "42"]
[EventDate "2010.07.26"]
[EventType "swiss"]
[EventRounds "9"]
[EventCountry "ESP"]
[Source "lmi"]
[SourceDate "2010.07.26"]

1. e4 c5 2. Nf3 e6 3. d4 cxd4 4. Nxd4 Nc6 5. Nc3 d6 6. Be3 Nf6 7. Be2 Be7 8.
Qd2 a6 9. O-O-O Nxd4 10. Qxd4 e5 11. Qb6 Qxb6 12. Bxb6 Be6 13. Rd2 O-O 14. Kb1
Rac8 15. f3 Rc6 16. Be3 h6 17. Nd5 Bxd5 18. exd5 Rcc8 19. c4 Nd7 20. Rc2 Bd8
21. f4 Bf6 1/2-1/2

[Event "4. Torneo Internacional A.D. San Juan"]
[Site "Pamplona ESP"]
[Date "2010.07.27"]
[Round "3.8"]
[White "Gonzalez Vidal, Yuri"]
[Black "Arcos Garcia, Manuel"]
[Result "1-0"]
[WhiteElo "2522"]
[BlackElo "1419"]
[PlyCount "61"]
[EventDate "2010.07.26"]
[EventType "swiss"]
[EventRounds "9"]
[EventCountry "ESP"]
[Source "lmi"]
[SourceDate "2010.07.26"]

1. e4 c6 2. d4 d5 3. e5 Bf5 4. Nd2 e6 5. Nb3 Nd7 6. Nf3 h6 7. Be2 c5 8. dxc5
Bxc5 9. Nxc5 Nxc5 10. Be3 Qa5+ 11. c3 Qc7 12. Nd4 a6 13. Nxf5 exf5 14. Qxd5 Ne6
15. O-O-O Rd8 16. Qb3 b5 17. Rxd8+ Qxd8 18. Rd1 Qc7 19. a4 f4 20. Bd4 Ne7 21.
axb5 Nxd4 22. Rxd4 Qxe5 23. bxa6 O-O 24. Qb5 Qc7 25. Rd7 Qc6 26. Rxe7 Qxg2 27.
Re8 g5 28. a7 Qxf2 29. a8=Q Qe1+ 30. Kc2 Rxe8 31. Qaxe8+ 1-0